MARC

LEADER 00000nam0a2200000 4500
001 321722
005 20231102003413.0
035 |a (RuTPU)RU\TPU\book\347278 
090 |a 321722 
100 |a 20160905d1937 km y0rusy50 ca 
101 0 |a rus 
102 |a UA 
105 |a a z 000zy 
200 1 |a Земля (ее происхождение и древнейшая история)  |f В. И. Крокос  |g Академия наук Украинской ССР (АН УССР), Институт геологии 
210 |a Киев  |c Изд-во Академии наук СССР  |d 1937 
215 |a 92 с.  |c ил. 
225 1 |a Серия научно-популярная 
606 1 |a Земля  |x Происхождение  |2 stltpush  |3 (RuTPU)RU\TPU\subj\11734  |9 38641 
610 1 |a общие сведения 
610 1 |a Вселенная 
610 1 |a догеологическая история 
610 1 |a происхождение жизни 
610 1 |a осадочные породы 
610 1 |a изверженные породы 
610 1 |a метаморфические породы 
610 1 |a архейская эра 
610 1 |a протерозойская эра 
675 |a 551.12  |v 4 
700 1 |a Крокос  |b В. И. 
712 0 2 |a Академия наук Украинской ССР (АН УССР)  |b Институт геологии  |2 stltpush  |3 (RuTPU)RU\TPU\col\27279 
801 1 |a RU  |b 63413507  |c 20160905 
801 2 |a RU  |b 63413507  |c 20200218  |g RCR 
942 |c BK